000 00607nam a22002057a 4500
999 _c8712
_d8712
003 AR-CdUCM
008 190325b ||||| |||| 00| 0 spa d
020 _a84-322-0246-0
040 _aMUNICIPALIDAD PROVINCIAL DEL CUSCO
_cBIBLIOTECA MUNICIPAL DEL CUSCO
082 _27ed.
_a838.9 /
_bB99
100 _aBöll, Heinrich
_99411
245 _aOpiniones de un payaso /
260 _aBarcelona :
_bSeix Barral,
_c1974.
300 _a245 páginas ;
_c19.5 cm.
650 _aNovelas alemanas
_92845
650 _aSiglo XX
_98
700 _aCasas, Lucas (traductor)
_924328
942 _2ddc
_cLIBROS
945 _aafb